000 00514nam a2200181Ia 4500
999 _c449
_d449
003 OSt
005 20201224144830.0
008 190216s9999||||xx |||||||||||||| ||und||
020 _a8171510353
040 _coclc
082 _a340.0924
_bHUS/I
100 _aHussain, M Hadi
_92222
245 0 _aImam Abu Hanifah Life And Work /
_c M Hadi Hussain
260 _bKitab Bhavan,
_c1991.
_aNew Delhi:
300 _a256p
650 _aArabic
942 _cBK
_2ddc
_h340.0924
_iHUS/I
_k340.0924
_mHUS/I